[Event "Ambelokipi op 166th"]
[Site "Athens"]
[Date "2017.11.15"]
[Round "3"]
[White "Delithanasis, Dimitrios"]
[Black "Mpatzias, Athanasios"]
[Result "1-0"]
[WhiteElo "2000"]
[BlackElo "1335"]
[PlyCount "39"]
[EventDate "2017.11.01"]
[EventType "swiss"]
[EventRounds "7"]
[EventCountry "GRE"]
[SourceTitle "EXT 2024"]
[Source "ChessBase"]
[SourceDate "2023.10.10"]
[SourceVersion "1"]
[SourceVersionDate "2023.10.10"]
[SourceQuality "1"]

1. c4 e5 2. Nc3 Nf6 3. Nf3 Nc6 4. e3 Bc5 5. d4 exd4 6. exd4 Qe7+ 7. Be2 Bb4 8. 0-0 0-0 9. Bg5 Bxc3 10. bxc3 b6 11. Bd3 Bb7 12. Nh4 Qd8 13. Nf5 h6 14. Bh4 d6 15. Qd2 Re8 16. Nxh6+ gxh6 17. Qxh6 Re6 18. d5 Nxd5 19. Bh7+ Kh8 20. Bg6+ 1-0